| Tag |
First Indicator |
Second Indicator |
Subfields |
| LEADER |
00000nam a2200000 i 4500 |
| 001 |
in00005502178 |
| 006 |
m o d f |
| 007 |
cr ||||||||||| |
| 008 |
240712s2023 nyua ob f000 0 eng c |
| 005 |
20241004205353.2 |
| 035 |
|
|
|a (OCoLC)on1445918250
|
| 040 |
|
|
|a GPO
|b eng
|e rda
|e pn
|c GPO
|d MvI
|
| 042 |
|
|
|a pcc
|
| 043 |
|
|
|a n-us---
|
| 049 |
|
|
|a WWW
|
| 074 |
|
|
|a 0520-I (online)
|
| 086 |
0 |
|
|a HS 3.2:SE 4/2
|
| 110 |
2 |
|
|a National Urban Security Technology Laboratory (U.S.),
|0 https://id.loc.gov/authorities/names/no2019108189
|e author.
|
| 245 |
1 |
0 |
|a Self-Contained Breathing Apparatus :
|b market survey report /
|c U.S. Department of Homeland Security, Science and Technology, National Urban Security Technology Laboratory.
|
| 264 |
|
1 |
|a New York, NY :
|b U.S. Department of Homeland Security, Science and Technology, National Urban Security Technology Laboratory,
|c 2023.
|
| 300 |
|
|
|a 1 online resource (ix, 35 pages) :
|b color illustrations
|
| 336 |
|
|
|a text
|b txt
|2 rdacontent
|
| 337 |
|
|
|a computer
|b c
|2 rdamedia
|
| 338 |
|
|
|a online resource
|b cr
|2 rdacarrier
|
| 500 |
|
|
|a "November 2023."
|
| 500 |
|
|
|a "SAVER-T MSR 48."
|
| 500 |
|
|
|a "Prepared by the National Urban Security Technology Laboratory -- in conjunction with Pacific Northwest National Laboratory (PNNL) -- for the U.S. Department of Homeland Security, Science and Technology Directorate Interagency"--Page ii.
|
| 500 |
|
|
|a In scope of the U.S. Government Publishing Office Cataloging and Indexing Program (C&I) and Federal Depository Library Program (FDLP).
|
| 500 |
|
|
|a GPO Cataloging Record Distribution Program (CRDP).
|
| 504 |
|
|
|a Includes bibliographical references (page 35).
|
| 588 |
|
|
|a Description based on online resource; title from PDF cover (DHS, viewed July 11, 2024)
|
| 650 |
|
0 |
|a Breathing apparatus
|z United States.
|
| 650 |
|
0 |
|a Personal protective equipment
|z United States.
|
| 650 |
|
0 |
|a Fire extinction
|z United States
|x Equipment and supplies.
|
| 650 |
|
0 |
|a First responders
|x Protection
|z United States.
|
| 650 |
|
0 |
|a Market surveys
|z United States.
|
| 710 |
2 |
|
|a Pacific Northwest National Laboratory (U.S.)
|0 https://id.loc.gov/authorities/names/no96029656
|
| 710 |
1 |
|
|a United States.
|b Department of Homeland Security.
|b Science and Technology Directorate,
|0 https://id.loc.gov/authorities/names/n2006027281
|e issuing body.
|
| 856 |
4 |
0 |
|u https://purl.fdlp.gov/GPO/gpo231002
|t 0
|
| 999 |
f |
f |
|s 37b91c86-d212-4ddb-96ae-fac6e5b46d8f
|i 9fdba119-d26d-4dfa-83e6-42aa4bf882a2
|t 0
|
| 952 |
f |
f |
|a Texas A&M University
|b College Station
|c Electronic Resources
|d Available Online
|t 0
|e HS 3.2:SE 4/2
|h Superintendent of Documents classification
|
| 998 |
f |
f |
|a HS 3.2:SE 4/2
|t 0
|l Available Online
|